Effective robust predictive control of mechatronic systems
Saved in:
| Main Author: | |
|---|---|
| Other Authors: | |
| Format: | Book |
| Language: | English |
| Published: |
Bratislava :
STU v Bratislave,
2011
|
| Edition: | 1. vyd. |
| Subjects: | |
| Tags: |
No Tags, Be the first to tag this record!
|
MARC
| LEADER | 00000nam a22000003a 4500 | ||
|---|---|---|---|
| 001 | stu241991 | ||
| 005 | 20150617230152.7 | ||
| 008 | 120117s2011----xo------------------eng-d | ||
| 040 | |a STU |b slo | ||
| 041 | 0 | |a eng | |
| 044 | |a xo | ||
| 080 | |a 52.88 : 50.23 | ||
| 100 | 1 | |a Kopačka, Matúš, |d 1982- |4 aut |u J0020 |U SjF Strojnícka fakulta |T SjF Ústav automatizácie, merania a aplikovanej informatiky |X 21742 |U J0020 |Y 802 |7 A000021742 | |
| 245 | 1 | |a Effective robust predictive control of mechatronic systems | |
| 250 | |a 1. vyd. | ||
| 260 | |a Bratislava : |b STU v Bratislave, |c 2011 | ||
| 300 | |a 153 s | ||
| 650 | 7 | |a mechatronika |2 stusub | |
| 700 | 1 | |a Rohaľ-Ilkiv, Boris, |d 1949- |4 ths |u J0020 |U SjF Strojnícka fakulta |T SjF Ústav automatizácie, merania a aplikovanej informatiky |X 2463 |U J0020 |Y 802 |7 A000002463 | |
| 996 | |b 284J039719 |c J*114495 |l JJST |s P |a 0 |w stu241991_0001 | ||